| 000 | 00863cab a2200205 4500 | ||
|---|---|---|---|
| 001 | ABS40667 | ||
| 008 | 090401t1989 xxu||||| |||| 00| 0 eng d | ||
| 035 | _a(Sirsi) u25354 | ||
| 041 | _aeng | ||
| 100 | _aPiani, G. | ||
| 245 | _aBuilding maintenance: computer-supported maintenance planning | ||
| 260 | _c1989 | ||
| 350 | _a0 | ||
| 490 |
_aEstates Gazette _v(8912) 25 March 1989, 20-57(4) |
||
| 520 | _aComputer systems for building maintenance planning, scheduling, and optimising is more becoming common in Sweden. Planned maintenance is discussed in general, followed by a description of a computer database system. The article also contains an introduction to the historical and present situation of building renewal in Sweden. (Journal Abstract) | ||
| 690 | _aPRACTICE AND TECHNIQUES | ||
| 700 | _aSaetre, T. | ||
| 942 | _n0 | ||
| 948 | _c04/03/1997 | ||
| 999 |
_c17021 _d17021 |
||